Open Data Biblioteca Nacional de Portugal


República Portuguesa: Ministério da Cultura
Biblioteca Nacional de Portugal

Catálogo da BNP: acesso por Identificadores Unívocos
Registos Bibliográficos associados ao registo de autoridade

Etiqueta de registo: 00254nam 2200025 450
001 2288520
003 http://id.bnportugal.gov.pt/bib/catbnp/2288520
100 ## $a20260618d2025 k y0pory01030103ba
101 0# $apor$deng
102 ## $aPT
105 ## $aa m 001yy
106 ## $ar
200 1# $aVida e morte da estatuária portuguesa do século XX$eEuclides Vaz$eum estudo de caso$fAna Lúcia Mendes Pinto$gorient. Sandra Eugénia Teixeira Alves Tapadas
210 #9 $aLisboa$c[s.n.],$d2025
215 ## $a2 v.$cil.$d30 cm
328 #1 $aTese dout. Belas-Artes (Escultura), Faculdade de Belas-Artes da Universidade de Lisboa, 2025
675 ## $a73Vaz, Euclides(043)$vBN$zpor$32002259
675 ## $a73.04(=1:469)"19"(043)$vBN$zpor$32002260
700 #1 $aPinto,$bAna Lúcia Mendes$32001295
702 #1 $aTapadas,$bSandra Eugénia Teixeira Alves$4727$31393727
801 #0 $aPT$bBN$gRPC
966 ## $b001$d[1º v.]$lBN$mFGMON$sB.A. 53895 V.$x1
966 ## $b001$d[2º v.]$lBN$mFGMON$sB.A. 53896 V.$x1
971 ## $cisantos$d20260622
973 ## $ctrodrigues$d20260701

OpendataBNP@bnportugal.pt | Mais informação sobre acesso aos dados BNP